000 02059nam0a2200409 4500
001 RU\NLR\BIBL_A\022532391
005 20260420043914.0
010 _a978-5-4391-0973-9
_960
021 _aRU
_bКН-П-25-013063
_9КН-П-25-1314
035 _a(NLR Aleph) 022532391
090 _a13672044
_c13672044
100 _a20250428d2024 k y0rusy50 ca
101 0 _arus
102 _aRU
105 _ach z 000zd
181 0 _ai3
_baxxe
182 0 _an
200 1 _aПережитое
_e(в двух частях)
_fГрекова Елена Афанасьевна
_gсоставители, публикаторы, авторы примечаний и комментариев: О. Б. Вахромеева [и др.]
203 _aТекст
_bвизуальный
_cнепосредственный
210 _aСанкт-Петербург
_cАрт-Экспресс
_d2024
215 _a429, [1] с., [12] л. ил., цв. ил., факс.
_d22
225 1 _aЛитературная деятельность бестужевок
_vкн. 2, ч. 1
300 _aНа 5-й с. авт.: Е. А. Грекова, урожд. Уваровская
320 _aБиблиогр. в подстроч. примеч.
320 _aДр. кн. авт. на обороте тит. с. в аннот.
601 0 2 _aБестужевские курсы
_cСанкт-Петербург, город
_jВоспоминания, записки и т.п
_91158570
_3RU\NLR\AUTH\66145259
606 1 _aРусская литература
_jВоспоминания, записки и т.п
_z20 в.
_9894612
_3RU\NLR\AUTH\663956
686 1 _aШ5(2=Р)53,1
686 1 _aЧ484(28)716.1
686 2 _aШ6(2=Р)72-491
700 1 _7ca
_8rus
_aГрекова
_bЕ. А.
_f1875-1937
_gЕлена Афанасьевна
_92672728
_3RU\NLR\AUTH\770282973
702 1 _aВахромеева
_bО. Б.
_f1975-
_gОксана Борисовна
_4770
942 _cBOOK
980 _aNB